00797nam a22001817a 4500003000400000020001800004082001600022245012800038260005800166300001000224500004700234546001200281650008000293650005900373650006700432650004800499650006800547OSt a9788193365601 a630bISS/RO aRole of cooperative movement in inclusive development of Indiab: proceedings and papers of 32nd annual national convention aPunebIndian society for studies in cooperationc2017 a388p. aReceived as gratis from Dr. G Veerakumaran aEnglish aCooperative enterprises are the logical models of inclusive growth in India aRole of cooperatives in inclusive development of India aRole of cooperative movement in inclusive development in India aRole of cooperative in economic development aPositioning of urban cooperative banks in inclusive development